Score 0/14 Timer 03:00
0 Plays Today
Movie Title Missing Word % Correct
Lord of the _____Flies
92.1%
Kiss of the ______ WomanSpider
80.6%
Akeelah and the ___Bee
79.7%
The _________ EffectButterfly
76%
The ___ BullyAnt
73.5%
___ Away HomeFly
70%
The Love ___Bug
69.1%
Movie Title Missing Word % Correct
____ TockTick
66.2%
The Green ______Hornet
65.9%
The ________ KingScorpion
35.5%
The ________ CoastMosquito
35%
The Day of the ______Locust
17.6%
Grave of the _____Fireflies
11.7%
The _________ Flies AnywayBumblebee
6%

Today's Daily Dose

Remove Ads.
Support Sporcle.
Get the best of Sporcle when you Go Orange. This ad-free experience offers more features, more stats, and more fun while also helping to support Sporcle. Thank you for becoming a member.

You're not logged in!

Compare scores with friends on all Sporcle quizzes.
OR
Log In

Show Comments

Extras

Top Quizzes Today


Score Distribution

Your Account Isn't Verified!

In order to create a playlist on Sporcle, you need to verify the email address you used during registration. Go to your Sporcle Settings to finish the process.

Report this User

Report this user for behavior that violates our Community Guidelines.

Details: